000 00625nam a2200205Ia 4500
003 OSt
005 20250217113905.0
008 210210b1997 xxu||||| |||| 00| 0 eng d
040 _cAL
041 _aKannada
082 _aK894.301 MUDG
100 _aMUDDU MUDUBELLE.
_9139123
_dಮುದ್ದು ಮೂಡುಬೆಳ್ಳೆ
245 _aGudha mattu itara kategalu.
_bಗೂಢ ಮತ್ತು ಇತರ ಕಥೆಗಳು
260 _aMudubelle
_bSahitya Samskrati Vedike
_c1997
300 _avi,80
650 _aSanna kategalu
_9139124
690 _aKannada Fiction
_9139125
906 _a052608
942 _2ddc
_cBK
999 _c100792
_d100792